| 000 | 02637cad a22002655a 4500 | ||
|---|---|---|---|
| 001 | E148835 | ||
| 008 | 090806s2009 xxk f 000 0 eng d | ||
| 020 | _a9781842195451 | ||
| 035 | _a(Sirsi) u148835 | ||
| 041 | 0 | _aeng | |
| 050 | 0 | 4 | _a711.3 $2 18 |
| 110 | 2 |
_aRoyal Institution of Chartered Surveyors _94900 |
|
| 245 | 0 | 0 |
_aSpatial planning and infrastructure delivery _bRICS information paper _h[electronic resource] |
| 260 |
_aCoventry _bRICS _c2009 |
||
| 490 | 0 | _aRICS Information Paper | |
| 505 | 2 | _aIntroduction: what is the spatial planning system? -- What is different about spatial planning?: how do local authorities work now? -- Spatial planning as a delivery mechanism: how do spatial plans work with other plans?; Regional Spatial Strategies (RSSs) and housing; Area Action Plans (AAPs); how do AAPs deliver?; using public sector assets -- Spatial planning and regeneration: transport planning; how spatial planning relates to the HCA's single conversation process; new and existing infrastructure to support new housing; deliverability -- Developing a delivery strategy: how much public sector finding is available for investment at the local level? -- Who has the role of joining up the funding?: which public bodies are involved?; how are local infrastructure requirements assessed?; can I get any more detailed information?; how does this work in areas where there are counties and districts?; how does this work at sub-regional level?; are there any examples? -- Who is spatial planning important to? | |
| 520 | _aOffers guidance on the spatial planning system. Spatial planning has a central role in the planning and delivery of infrastructure. It is concerned with all investment and includes the private, public and community sectors. This extended role in infrastructure planning and delivery now sits within the whole governance structure at the local level, which is increasingly being joined up and coordinated. Spatial planning also extends to the use of all public sector assets and the location of services and facilities. It is concerned with all public sector mainstream budgets, as well as funding from agencies such as the Homes and Communities Agency, private investment and developers' contributions. | ||
| 520 | _a OUT OF DATE ARCHIVED 23 DECEMBER 2016 | ||
| 521 | _aAdvanced | ||
| 590 | _aKA | ||
| 651 | 4 |
_aEngland and Wales _y1543- |
|
| 690 |
_aPlanning and development _96259 |
||
| 856 | 4 | 0 |
_uhttps://www.isurv.com/download/downloads/id/1711/archive_spatial_planning_and_infrastructure_delivery_1st_edition_november_2009.pdf _zarchived on isurv (subscription required) |
| 942 |
_n0 _2ddc |
||
| 999 |
_c110255 _d110255 |
||